| 000 | 02215cad a22003255a 4500 | ||
|---|---|---|---|
| 001 | E133782 | ||
| 002 | 10018 | ||
| 008 | 010821s2006 xxk df 001 0 eng u | ||
| 020 |
_a0415358108 _a9780203004258 |
||
| 035 | _a(Sirsi) u133782 | ||
| 041 | _aeng | ||
| 050 | _a711.4 $2 18 | ||
| 100 | _aCullingworth, Barry | ||
| 245 |
_aTown and country planning in the UK _h[electronic resource] |
||
| 250 | _a14th ed. | ||
| 260 |
_aLondon _bRoutledge _c2006 |
||
| 300 | _aeBook | ||
| 350 | _a29.99 | ||
| 505 | 2 | _aThe nature of planning -- The evolution of town and country planning -- The agencies of planning -- The framework of plans -- The control of development -- Land policies -- Planning, the environment and sustainable development -- Heritage planning -- Planning and the countryside -- Urban policies and regeneration -- Transport planning -- Planning, the profession and the public | |
| 520 | _aThis eBook incorporates the major changes to planning introduced by the Planning and Compulsory Purchase Act 2004 and government's mission to change the culture of planning. It provides a critical discussion of the system of planning - the institutions involved, the plans and other instruments that are used, the procedures for controlling development and land use change, and the mechanisms for implementing policy and proposals. It reviews current policy for sustainable development, housing and the Sustainable Communities Plan, the Barker Review, urban renewal and regeneration, the renaissance of city and town centres, the countryside, transport, and the heritage. Contemporary arrangements are explained with reference to their historical development, the influence of the European Union, the Labour government and changing social and economic demands for land use change. | ||
| 520 | _aSupersedes 13th edition (ISBN 041521775X). | ||
| 521 | 2 | _aAdvanced | |
| 650 | 2 | 4 | _aPLANNING AND COMPULSORY PURCHASE ACT 2004 |
| 650 | 2 | 4 | _aEBOOK |
| 651 | 4 |
_aUnited Kingdom _y |
|
| 690 | _aENVIRONMENTAL AND LAND CONSULTANCY-PLANNING AND DEVELOPMENT | ||
| 700 | _aNadin, Vincent | ||
| 856 | 4 | 0 |
_uhttps://www.vlebooks.com/ _zView on VLEbooks. Logins for members only from [email protected] |
| 942 | _n0 | ||
| 999 |
_c105474 _d105474 |
||